Theory and application of mathematical programming

Saved in:
Bibliographic Details
Main Author: Mitra, Gautam
Format: Book
Language:English
Published: London : New York : Academic Press, 1976
Subjects:
Tags: Add Tag
No Tags, Be the first to tag this record!

MARC

LEADER 00000nam a2200000 i 4500
001 1/61271
008 941103s1976 eng d
020 |a 0125004508 
035 |l 10046406 
040 |a GR-MY-UA  |b gre  |e aacr 
041 0 |a eng 
082 0 |a 004.0151 
100 1 |a Mitra, Gautam. 
245 1 0 |a Theory and application of mathematical programming /  |c G. Mitra 
260 |a London :   |a New York :   |b Academic Press,   |c 1976 
300 |a ix, 214 p.;  |b ill.;  |c 24 cm. 
500 |a Includes bibliographies 
650 0 0 |a Programming (Mathematics) 
852 |a INST  |b SAMOS  |e 19941103  |h 004.0151 MIT  |p 005300002275  |q 005300002275  |t BK  |y 0 
909 |a Σ  |b 010083